| 000 | 00505nam a2200217Ia 4500 | ||
|---|---|---|---|
| 001 | 13341 | ||
| 003 | GE_BSU | ||
| 008 | 181216s||||||||xx |||||||||||||| ||und|| | ||
| 020 | _a0752860542 | ||
| 040 | _cGE_BSU | ||
| 080 | _a821.111-32.1 | ||
| 100 | _aMosse,Kate. | ||
| 245 | _aLabyrinth. | ||
| 245 | _bThree secrets.Two women.One grail. | ||
| 260 | _aLondon. | ||
| 260 | _bOrion. | ||
| 260 | _c2005 | ||
| 300 | _a521p;24cm. | ||
| 653 | _aLabyrinth.Three secrets.Two women.One grail. | ||
| 942 | _cBK | ||
| 999 |
_c46502 _d46502 |
||